Влияние внешней миграции на рынок труда РФ; Экономика России в XXI веке

מידע ביבליוגרפי
Parent link:Экономика России в XXI веке.— 2011.— С. 290-293
מחבר ראשי: Макарова К. И.
מחברים אחרים: Раковская В. С. Вера Сергеевна
שפה:רוסית
יצא לאור: 2011
סדרה:Экономика России в XXI веке
נושאים:
פורמט: MixedMaterials Book Chapter
KOHA link:https://koha.lib.tpu.ru/cgi-bin/koha/opac-detail.pl?biblionumber=238393

MARC

LEADER 00000naa2a2200000 4500
001 238393
005 20231031205130.0
035 |a (RuTPU)RU\TPU\book\259581 
035 |a RU\TPU\book\259554 
090 |a 238393 
100 |a 20130524d2011 k y0rusy50 ca 
101 0 |a rus 
102 |a RU 
200 1 |a Влияние внешней миграции на рынок труда РФ  |f К. И. Макарова, В. С. Раковская 
225 1 |a Экономика России в XXI веке 
320 |a Библиогр.: с. 293 (6 назв.) 
463 0 |0 (RuTPU)RU\TPU\book\250468  |t Экономика России в XXI веке  |o сборник научных трудов VIII Всероссийской научно-практической конференции "Фундаментальные проблемы модернизации экономики России", г. Томск, 15-18 ноября 2011 г.  |f Национальный исследовательский Томский политехнический университет (ТПУ), Инженерно-экономический факультет ; под ред. Г. А. Барышевой, Л. М. Борисовой  |v С. 290-293  |d 2011  |p 420 с. 
610 1 |a труды учёных ТПУ 
610 1 |a внешняя миграция 
610 1 |a рынок труда 
610 1 |a Российская Федерация 
610 1 |a экономическое развитие 
610 1 |a демографические кризисы 
610 1 |a миграционная политика 
610 1 |a социальное развитие 
610 1 |a демографическая ситуация 
700 1 |a Макарова  |b К. И. 
701 1 |a Раковская  |b В. С.  |c российский экономист  |c доцент Томского политехнического университета, кандидат экономических наук  |f 1981-  |g Вера Сергеевна  |2 stltpush  |3 (RuTPU)RU\TPU\pers\28888 
801 1 |a RU  |b 63413507  |c 20121214 
801 2 |a RU  |b 63413507  |c 20130524  |g RCR 
942 |c BK